The modern pedagogical education in the context of socio-philosophical studies; Journal of Economics and Social Sciences; № 11

Bibliografiske detaljer
Parent link:Journal of Economics and Social Sciences: electronic scientific journal/ Institute of Humanities, Social Sciences and Technologies.— , 2012-.— 2312-2978
№ 11.— 2017.— [4 p.]
Hovedforfatter: Santotskaya K. Ksenia
Institution som forfatter: Национальный исследовательский Томский политехнический университет (ТПУ)
Andre forfattere: Lyba A. Alla
Summary:Title screen
At the present stage of the society development, education should become the central link of systemic changes in the sociocultural, economic and political life of society. Obviously, the qualitative characteristics of the education system must change and, first of all, its pedagogical characteristics. Analysis of social and philosophical studies of recent years on the problems of modern pedagogical education has made it possible to identify the number of essential characteristics that determine the quality of education in a post-industrial society: continuity, integrativity, standardization, democratization and regionalization of education. This article presents practical experience in organizing educational activities that meet the requirements of the time at the Tomsk State Pedagogical University.
Sprog:engelsk
Udgivet: 2017
Serier:Социологические науки
Fag:
Online adgang:http://earchive.tpu.ru/handle/11683/45574
Format: MixedMaterials Electronisk Book Chapter
KOHA link:https://koha.lib.tpu.ru/cgi-bin/koha/opac-detail.pl?biblionumber=575748

MARC

LEADER 00000naa2a2200000 4500
001 575748
005 20231101130140.0
035 |a (RuTPU)RU\TPU\prd\274759 
035 |a RU\TPU\prd\274758 
090 |a 575748 
100 |a 20171225a2017 k y0rusy50 ba 
101 0 |a eng 
102 |a RU 
135 |a drcn ---uucaa 
181 0 |a i  
182 0 |a b 
200 1 |a The modern pedagogical education in the context of socio-philosophical studies  |f K. Santotskaya, A. Lyba 
203 |a Text  |c electronic 
215 |a 1 файл (152 Кб) 
225 1 |a Социологические науки 
230 |a Электронные текстовые данные (1 файл : 152 Кб) 
300 |a Title screen 
320 |a [References: 5 tit.] 
330 |a At the present stage of the society development, education should become the central link of systemic changes in the sociocultural, economic and political life of society. Obviously, the qualitative characteristics of the education system must change and, first of all, its pedagogical characteristics. Analysis of social and philosophical studies of recent years on the problems of modern pedagogical education has made it possible to identify the number of essential characteristics that determine the quality of education in a post-industrial society: continuity, integrativity, standardization, democratization and regionalization of education. This article presents practical experience in organizing educational activities that meet the requirements of the time at the Tomsk State Pedagogical University. 
461 1 |0 (RuTPU)RU\TPU\prd\225573  |x 2312-2978  |t Journal of Economics and Social Sciences  |o electronic scientific journal  |f Institute of Humanities, Social Sciences and Technologies  |d 2012- 
463 1 |0 (RuTPU)RU\TPU\prd\274747  |t № 11  |v [4 p.]  |d 2017 
610 1 |a труды учёных ТПУ 
610 1 |a электронный ресурс 
610 1 |a педагогическое образование 
610 1 |a образование 
610 1 |a социально-философский подход 
610 1 |a качество услуг 
610 1 |a постиндустриальное общество 
700 1 |a Santotskaya  |b K.  |g Ksenia 
701 1 |a Lyba  |b A.  |g Alla 
712 0 2 |a Национальный исследовательский Томский политехнический университет (ТПУ)  |c (2009- )  |2 stltpush  |3 (RuTPU)RU\TPU\col\15902 
801 1 |a RU  |b 63413507  |c 20090623  |g PSBO 
801 2 |a RU  |b 63413507  |c 20171226  |g PSBO 
856 4 |u http://earchive.tpu.ru/handle/11683/45574 
942 |c BK